Candidat·es aux élections municipales 2026 à Nice - Statistiques

Statistiques générales
  • Ce quiz a été pris 20 fois
    17 depuis la dernière actualisation
  • Le résultat moyen est 3 sur 9
Statistiques - réponses
Nom de la liste/nuance politique Candidat·e % Correct
Tous pour NiceNuance politique : droite Christian Estrosi
100%
Nuance politique : union de l'extrême-droite Éric Ciotti
100%
ReconquêteNuance politique : extrême-droite Cédric Vella
47%
Unis Pour Nice (EELV-PS-PCF-l'APRÉS)Nuance politique : centre-gauche Juliette Chesnel Leroux
40%
Nice ! Front Populaire (LFI-VIVA!-NPA l'Anticapitaliste-Ensemble Gauche Alternative-Parti de Gauche-Assemblada Occitana-Verts L'Avenir)Nuance politique : Liste citoyenne de Gauche Mireille Damiano
40%
Lutte OuvrièreNuance politique : extrême-gauche Estelle Jacquet
7%
Nuance politique : divers écologiste Hélène Granouillac
7%
Nuance politique : souverainiste Nathalie Dloussky
7%
Liste citoyenne Céline Forjonnel
0%
Aucun quiz correspondant
Distribution des résultats
% des personnes avec chaque résultat
Percentile par nombre de réponses
Votre historique - résultats
Vous n’avez pas pris ce quiz depuis la dernière actualisation